COMMUNITY PHARMACY (Record no. 34485)
[ view plain ]
| 000 -LEADER | |
|---|---|
| fixed length control field | 00282nam a22001337a 4500 |
| 003 - CONTROL NUMBER IDENTIFIER | |
| control field | SGT |
| 020 ## - INTERNATIONAL STANDARD BOOK NUMBER | |
| International Standard Book Number | 9780443246197 |
| 082 ## - DEWEY DECIMAL CLASSIFICATION NUMBER | |
| Classification number | 615.10 |
| Item number | RUT |
| 100 ## - MAIN ENTRY--PERSONAL NAME | |
| Personal name | RUTTER PAUL |
| 245 ## - TITLE STATEMENT | |
| Title | COMMUNITY PHARMACY |
| 260 ## - PUBLICATION, DISTRIBUTION, ETC. (IMPRINT) | |
| Place of publication, distribution, etc | INDIA |
| Name of publisher, distributor, etc | ELSEVER PUB |
| Year of Publication | 2026 |
| 300 ## - PAGE DESCRIPTION | |
| No. of Pages | 390 |
| 942 ## - ADDED ENTRY ELEMENTS (KOHA) | |
| Source of classification or shelving scheme | Dewey Decimal Classification |
| Koha item type | Books |
| Withdrawn status | Lost status | Source of classification or shelving scheme | Damaged status | Not for loan | Collection code | Home library | Current library | Shelving location | Date acquired | Vendor Name | SGTU | Bill Number | Total Checkouts | Full call number | Accession No. (Barcode) | Date last seen | Bill Date | Koha item type |
|---|---|---|---|---|---|---|---|---|---|---|---|---|---|---|---|---|---|---|
| Dewey Decimal Classification | SCIENCE | SGT Science & Social Sciences Library | SGT Science & Social Sciences Library | Text Book | 26/03/2026 | ABC | SGTU | 22597 | 615.10 RUT | DP2011 | 26/03/2026 | 09/03/2026 | Books | |||||
| Dewey Decimal Classification | SCIENCE | SGT Science & Social Sciences Library | SGT Science & Social Sciences Library | Text Book | 26/03/2026 | ABC | SGTU | 22597 | 615.10 RUT | DP2012 | 26/03/2026 | 09/03/2026 | Books |